000 00586nam a2200193 4500
001 140208
003 ES-MaACL
007 t|
008 070214s1983 sp r ||||1| spa d
100 1 _aSeghers, Anna.
_9105131
245 1 3 _aLa séptima cruz /
_cAnna Seghers ; traducción de Manuel Olasagasti.
260 _aMadrid :
_bAlfaguara,
_c1983.
300 _a370 p. ;
_c21 cm.
490 1 _aLiteratura Alfaguara ;
_v123
700 1 _aOlasagasti, Manuel.
_986664
830 0 _aLiteratura Alfaguara ;
_v123
_9178100
852 _aES-MaACL
_jL-5684
_bR.106273
999 _c140208
_d140208